00869nam a22002297a 4500999001700000003000900017008004100026040007100067082001800138100002100156245003800177260003700215300002800252440005100280505010400331650002300435650002800458650001900486942001600505945002000521952009800541 c17958d17958AR-CdUCM190510b ||||| |||| 00| 0 spa d aMUNICIPALIDAD PROVINCIAL DEL CUSCOcBIBLIOTECA MUNICIPAL DEL CUSCO a614.26 /bF43 aFerrara, Floreal aAlcoholismo en américa latina / aBuenos Aires :bPalestra,c1961. a263 páginas ;c21 cm. aColección vertientes de la libertad 938239 aContenido : Historia del alcoholismo -- Bebidas alcohólicas -- Clasificación de los vinos ...  aAlcoholismo922499 aClasificación 921385 aBebidas938240 2ddccLIBROS arahd10/05/2019 002ddc4070aSCbSCcCARTd2019-05-10g30.00o614.26 / F43pSC0000001552r2019-05-10yLIBROS